Normal view
MARC view
Entry Personal Name
001 - CONTROL NUMBER
- control field: 15015
003 - CONTROL NUMBER IDENTIFIER
- control field: BD-RjUL
005 - DATE AND TIME OF LATEST TRANSACTION
- control field: 20250217105146.0
008 - FIXED-LENGTH DATA ELEMENTS
- fixed length control field: 250217|| aca||aabn | a|a d
040 ## - CATALOGING SOURCE
- Original cataloging agency: BD-RjUL
- Transcribing agency: BD-RjUL
100 ## - HEADING--PERSONAL NAME
- Personal name: Taher, Md.Abu
670 ## - SOURCE DATA FOUND
- Source citation: Work cat.: (BD-RjUL)84694: Khan, Abdul Awal 15014, Human Resource management /, 2022